| 000 | 01240 am a22002895a 4500 | ||
|---|---|---|---|
| 001 | 016885426 | ||
| 003 | OSt | ||
| 005 | 20160731145856.0 | ||
| 008 | 140630s2015 enka fr 001 0 eng d | ||
| 020 | _a9781138780217 | ||
| 040 |
_aStDuBDS _beng _cStDuBDS _dUk _dEG-ScBUE |
||
| 043 | _ae-uk-en | ||
| 082 | 0 | 4 |
_a346.4203 _222 _bKOT |
| 100 | 1 |
_aKotecha, Birju, _940555 |
|
| 245 | 1 | 0 |
_aQ&A torts / _cBirju Kotecha. |
| 246 | 3 | _aQuestions and answers torts | |
| 250 | _a11th ed. | ||
| 260 |
_aOxon ; _aNew York : _bRoutledge Taylor & Francis Group, _c2015. |
||
| 300 |
_axx, 191 p. : _bill. ; _c24 cm. |
||
| 490 | 0 | _aRoutledge Q&A series. | |
| 500 | _aIndex : p. 189-191. | ||
| 505 | 0 | _aNegligence - duty of care generally and economic loss -- Negligence - limitations on duty -- Negligence - breach, causation and remoteness of damage -- General defences -- Employers' liability -- Vicarious liability -- Occupiers' liability -- Product liability -- Nuisance -- The rule in Rylands v Fletcher and Fire -- Trespass to the person, to land and to goods -- Defamation, privacy and human rights -- Remedies. | |
| 650 | 0 |
_aTorts _zEngland _xExaminations, questions, etc. _2BUEsh |
|
| 651 | _2BUEsh | ||
| 653 |
_bLLAAWW _cJuly2016 |
||
| 942 | _2ddc | ||
| 999 |
_c22080 _d22052 |
||